Biology Evolution,Exloring life. Vol.4

Đã lưu trong:
書目詳細資料
主要作者: Gil Brum
格式: 圖書
語言:Undetermined
出版: New York John Wiley 1993
主題:
標簽: 添加標簽
沒有標簽, 成為第一個標記此記錄!
Thư viện lưu trữ: Trung tâm Học liệu Trường Đại học Cần Thơ
LEADER 00523nam a2200205Ia 4500
001 CTU_22769
008 210402s9999 xx 000 0 und d
020 |b 98df 
082 |a 574 
082 |b B893/Vol.4 
100 |a Gil Brum 
245 0 |a Biology 
245 0 |b Evolution,Exloring life. Vol.4 
245 0 |c Gil Brum,Larry McKane,Gerry Karp 
260 |a New York 
260 |b John Wiley 
260 |c 1993 
650 |a biology 
904 |i Minh, 980617 
980 |a Trung tâm Học liệu Trường Đại học Cần Thơ